| 000 | 00537nam a2200205Ia 4500 | ||
|---|---|---|---|
| 005 | 20260429112305.0 | ||
| 008 | 260429s9999||||xx |||||||||||||| ||und|| | ||
| 020 | _a9798887153292 | ||
| 041 | _aEnglish | ||
| 082 |
_a005.43 _bWHI |
||
| 100 | _aWhite, Parker | ||
| 245 | 0 |
_aOperating system / _cParker White |
|
| 250 | _a1st ed. | ||
| 260 |
_aDublin : _bOryson Press, _c2024. |
||
| 300 | _aviii, 294 p.; hb | ||
| 650 | _a Computer science | ||
| 650 | _a System software | ||
| 650 | _aOperating systems (Computers) | ||
| 942 | _cTB | ||
| 999 |
_c53342 _d53342 |
||